Relatos de mujeres 3 / (Record no. 113197)

MARC details
000 -CABECERA
campo de control de longitud fija 00543nam a2200193 a 4500
005 - FECHA Y HORA DE LA ÚLTIMA TRANSACCIÓN
campo de control 20210223125738.0
008 - ELEMENTOS DE LONGITUD FIJA--INFORMACIÓN GENERAL
campo de control de longitud fija 991125s1999 mx 000 0 spa u
020 ## - NÚMERO INTERNACIONAL NORMALIZADO PARA LIBROS
Número Internacional Estándar del Libro 847884208X
035 ## - NÚMERO DE CONTROL DEL SISTEMA
Número de control de sistema UPN01000141049
049 ## - COLECCIÓN
Colección CG
050 #4 - SIGNATURA TOPOGRÁFICA DE LA BIBLIOTECA DEL CONGRESO
Número de clasificación PN6069 W6.5
Número de documento/Ítem R4.4
245 00 - MENCIÓN DE TÍTULO
Título Relatos de mujeres 3 /
Mención de responsabilidad, etc. Fernán Caballero ... [et al.].
260 ## - PUBLICACIÓN, DISTRIBUCIÓN, ETC.
Lugar de publicación, distribución, etc. Madrid :
Nombre del editor, distribuidor, etc. Popular,
Fecha de publicación, distribución, etc. 1999.
300 ## - DESCRIPCIÓN FÍSICA
Extensión 93 p.
440 #0 - MENCIÓN DE SERIE/ASIENTO SECUNDARIO--TÍTULO
Título Letra grande ;
Designación de volumen o secuencia 54
650 #4 - ASIENTO SECUNDARIO DE MATERIA - TERMINO TEMATICO
Término de materia o nombre geográfico como elemento de entrada ANTOLOGIAS LITERARIAS
9 (RLIN) 4762
700 1# - ASIENTO SECUNDARIO--NOMBRE DE PERSONAL
Nombre de persona Caballero, Fernán,
Fechas asociadas al nombre 1796-1877,
Término indicativo de función/relación coaut.
905 ## - TIPO DE MATERIAL
Tipo de material Libro
Holdings
Estado de retiro Estado de pérdida Fuente del sistema de clasificación o colocación Estado dañado No para préstamo Código de colección Localización permanente Ubicación/localización actual Ubicación en estantería Total de préstamos Clasificación Código de barras Fecha visto por última vez Número de copia Tipo de ítem Koha
    Library of Congress Classification     Colección General Bib. Gregorio Torres Quintero Bib. Gregorio Torres Quintero Planta baja   PN6069 W6.5 R4.4 233155 31/12/2020 1 Libro